[Event "DEM U12/U12w 2006"]
[Site "Willingen GER"]
[Date "2006.06.06"]
[Round "5"]
[White "Mirke, Roy"]
[Black "Zier, Oliver"]
[Result "1/2-1/2"]
[Termination "normal"]
[Board "2"]
[WhiteElo "1557"]
[BlackElo "1823"]
[PlyCount "78"]
[WhiteFideId "24647306"]
[BlackFideId "24631906"]
[EventCountry "GER"]
[EventRounds "11"]
[EventType "swiss"]
[EventDate "2006.06.03"]

1. d4 d5 2. Nf3 Nf6 3. e3 Bf5 4. Bd3 e6 5. c3 c5 6. O-O Ne4 7. Qe2 Bd6 8. Nbd2
O-O 9. Ne1 cxd4 10. exd4 Nc6 11. Nxe4 dxe4 12. Bxe4 Qh4 13. f4 Bxe4 14. Qxe4
Rae8 15. Nf3 Qg4 16. Ne5 Nxe5 17. dxe5 Bc5+ 18. Kh1 Rd8 19. b4 Rd1 20. Be3
Rxf1+ 21. Rxf1 Qe2 22. Qf3 Qxe3 23. bxc5 Qxc5 24. Qxb7 Qc4 25. Qb1 Qxc3 26. Qb3
Qd2 27. Qc4 g6 28. Qa6 Rb8 29. Qxa7 Rb2 30. Qa8+ Kg7 31. a4 Rc2 32. Qf3 Ra2 33.
Qa8 Qb4 34. Qd8 Rxa4 35. Qf6+ Kg8 36. Rd1 Ra8 37. Rd8+ Rxd8 38. Qxd8+ Qf8 39.
Qf6 Qb4 1/2-1/2

[Event "DEM U12/U12w 2006"]
[Site "Willingen GER"]
[Date "2006.06.06"]
[Round "5"]
[White "Friedrich, Wiede"]
[Black "Bräuer, Franz"]
[Result "0-1"]
[Termination "normal"]
[Board "3"]
[WhiteElo "1933"]
[BlackElo "1878"]
[PlyCount "66"]
[WhiteFideId "24629537"]
[BlackFideId "24634468"]
[EventCountry "GER"]
[EventRounds "11"]
[EventType "swiss"]
[EventDate "2006.06.03"]

1. e4 e5 2. Nf3 Nc6 3. Bb5 a6 4. Bxc6 dxc6 5. O-O Qd6 6. Na3 Be6 7. c3 c5 8.
Qe2 f6 9. d3 Ne7 10. Be3 Nc6 11. Nc2 Bg4 12. Rad1 Qe6 13. b3 Bd6 14. h3 Bh5 15.
Rd2 O-O-O 16. Re1 Qd7 17. Rdd1 Rhg8 18. Bc1 g5 19. g4 Bf7 20. Ne3 Be6 21. Bb2
h5 22. Kg2 Rh8 23. Rh1 hxg4 24. hxg4 Qg7 25. Nd2 Ne7 26. Qf3 Ng6 27. Kf1 Nf4
28. Nb1 Rxh1+ 29. Qxh1 Rh8 30. Qg1 Qh7 31. Ke1 Qh1 32. Kd2 Qf3 33. Kc1 Ne2+ 0-1

[Event "DEM U12/U12w 2006"]
[Site "Willingen GER"]
[Date "2006.06.06"]
[Round "5"]
[White "Neumair, Jerome"]
[Black "Berchtenbreiter, Maximilian"]
[Result "1/2-1/2"]
[Termination "normal"]
[Board "4"]
[WhiteElo "1596"]
[BlackElo "1999"]
[PlyCount "76"]
[WhiteFideId "24672637"]
[BlackFideId "24641120"]
[EventCountry "GER"]
[EventRounds "11"]
[EventType "swiss"]
[EventDate "2006.06.03"]

1. c4 Nf6 2. Nc3 b6 3. Nf3 Bb7 4. e3 d6 5. Be2 g6 6. d4 Bg7 7. b3 O-O 8. Bb2 c5
9. Qc2 Nc6 10. d5 Nb8 11. O-O Nbd7 12. Rad1 a6 13. a3 Ne8 14. Ne4 Nc7 15. Bxg7
Kxg7 16. Qc3+ Kg8 17. h4 f5 18. Neg5 Nf6 19. Bd3 b5 20. Rfe1 Qd7 21. e4 fxe4
22. Nxe4 Nxe4 23. Rxe4 e5 24. Qd2 Bc8 25. Qg5 Rf5 26. Qg3 Qf7 27. Ng5 Qf6 28.
Re2 Rf4 29. Ne4 Qe7 30. f3 bxc4 31. bxc4 Qf8 32. Rb2 Bf5 33. h5 Rb8 34. Rxb8
Qxb8 35. Qg5 Ne8 36. Rb1 Qc7 37. h6 Bxe4 38. Bxe4 Rf7 1/2-1/2

[Event "DEM U12/U12w 2006"]
[Site "Willingen GER"]
[Date "2006.06.06"]
[Round "5"]
[White "Wang, Zhangxian"]
[Black "Göbel, Constantin"]
[Result "1-0"]
[Termination "normal"]
[Board "5"]
[WhiteElo "1998"]
[BlackElo "1639"]
[PlyCount "67"]
[BlackFideId "24647071"]
[EventCountry "GER"]
[EventRounds "11"]
[EventType "swiss"]
[EventDate "2006.06.03"]

1. e4 e6 2. d4 d5 3. Nd2 Nf6 4. e5 Nfd7 5. Bd3 c5 6. c3 Nc6 7. Ne2 cxd4 8. cxd4
f6 9. exf6 Nxf6 10. Nf3 Bd6 11. O-O O-O 12. Bf4 Bxf4 13. Nxf4 Ne4 14. Qc1 Ng5
15. Nxg5 Qxg5 16. Bxh7+ Kxh7 17. Nxe6 Qxc1 18. Nxf8+ Kg8 19. Raxc1 Kxf8 20.
Rcd1 g5 21. f4 g4 22. f5 Kf7 23. Rf4 Kf6 24. Rxg4 Bxf5 25. Rf4 Ke6 26. Rdf1 Be4
27. Rf6+ Kd7 28. Rf7+ Kc8 29. Rf8+ Nd8 30. Rxd8+ Kxd8 31. Rf8+ Kc7 32. Rxa8 a6
33. Re8 Bg6 34. g4 1-0

[Event "DEM U12/U12w 2006"]
[Site "Willingen GER"]
[Date "2006.06.06"]
[Round "5"]
[White "Dünzel, Jonas"]
[Black "Pfeiffer, Daniel"]
[Result "1-0"]
[Termination "normal"]
[Board "7"]
[WhiteElo "1881"]
[BlackElo "1606"]
[PlyCount "55"]
[WhiteFideId "24631167"]
[BlackFideId "24641960"]
[EventCountry "GER"]
[EventRounds "11"]
[EventType "swiss"]
[EventDate "2006.06.03"]

1. e4 c5 2. Nf3 d6 3. d4 cxd4 4. Nxd4 Nf6 5. Nc3 a6 6. Be3 Ng4 7. Bg5 h6 8. Bh4
g5 9. Bg3 Bg7 10. Be2 Nf6 11. f3 b5 12. Qd2 Qc7 13. O-O-O Nc6 14. Bf2 Bd7 15.
h4 Nh7 16. Nd5 Qb7 17. Nf5 Bxf5 18. exf5 f6 19. hxg5 Nxg5 20. Nf4 Rc8 21. Bh4
Nd8 22. Nh5 Kf8 23. Bd3 b4 24. Kb1 Nc6 25. f4 Nf7 26. Be4 Qc7 27. g4 Rg8 28.
Bd5 1-0

[Event "DEM U12/U12w 2006"]
[Site "Willingen GER"]
[Date "2006.06.06"]
[Round "5"]
[White "Petkidis, Anthony"]
[Black "Kotainy, Jens"]
[Result "1/2-1/2"]
[Termination "normal"]
[Board "8"]
[WhiteElo "1585"]
[BlackElo "1835"]
[PlyCount "84"]
[BlackFideId "24670499"]
[EventCountry "GER"]
[EventRounds "11"]
[EventType "swiss"]
[EventDate "2006.06.03"]

1. e4 c5 2. Nf3 e6 3. d4 cxd4 4. Nxd4 a6 5. Nc3 Qc7 6. g3 Nf6 7. Bg2 Nc6 8.
Nde2 Bc5 9. h3 b5 10. a3 Bb7 11. O-O h6 12. Kh1 Rd8 13. f4 d6 14. Qd3 O-O 15.
Be3 Qb6 16. Bg1 Rd7 17. Rad1 Rfd8 18. g4 Bxg1 19. Rxg1 d5 20. exd5 Ne7 21. Qd4
Qxd4 22. Rxd4 Nfxd5 23. Rgd1 Nc6 24. R4d3 Nb6 25. Rxd7 Rxd7 26. Rxd7 Nxd7 27.
Kg1 Kf8 28. Kf2 Ke7 29. Ke3 Nb6 30. Kd2 Nc4+ 31. Kc1 Nd6 32. b3 Kd7 33. Kd2 Nd8
34. Bxb7 N8xb7 35. Ke3 Nc5 36. Ng1 Kc6 37. Nf3 Nd7 38. Ne4 Nxe4 39. Kxe4 Nc5+
40. Kd4 f6 41. Nd2 Kd6 42. Nf3 Nd7 1/2-1/2

[Event "DEM U12/U12w 2006"]
[Site "Willingen GER"]
[Date "2006.06.06"]
[Round "5"]
[White "Pauly, Carlo"]
[Black "Sarchisov, Slavik"]
[Result "0-1"]
[Termination "normal"]
[Board "9"]
[WhiteElo "1577"]
[BlackElo "1695"]
[PlyCount "108"]
[WhiteFideId "24673269"]
[BlackFideId "24647888"]
[EventCountry "GER"]
[EventRounds "11"]
[EventType "swiss"]
[EventDate "2006.06.03"]

1. c4 d6 2. Nc3 g6 3. d4 Bg7 4. e4 Nf6 5. g3 O-O 6. Bg2 e5 7. Nge2 exd4 8. Nxd4
Re8 9. O-O Nbd7 10. Re1 h6 11. Rb1 a5 12. a3 Nc5 13. b4 axb4 14. axb4 Ne6 15.
Nc2 Ng5 16. h4 Nh3+ 17. Kf1 Nxf2 18. Kxf2 Ng4+ 19. Kg1 Bxc3 20. Rf1 Bg7 21. Bb2
Bxb2 22. Rxb2 Ne5 23. Ne3 Be6 24. Qd4 Ra3 25. Nd5 Bxd5 26. cxd5 Rxg3 27. h5 g5
28. Qf2 Ra3 29. Rc2 Qd7 30. Ra2 Rxa2 31. Qxa2 Qg4 32. Qa4 Qc8 33. Rf3 Qd7 34.
Qxd7 Nxd7 35. Rf1 Ne5 36. Ra1 Kf8 37. Ra7 Rb8 38. b5 Ke7 39. Kf2 Kf6 40. Kg3
Nd7 41. Bh3 Nc5 42. Kf3 Ke5 43. Bf5 Nb3 44. Ke3 Nd4 45. Bd7 f5 46. Ra4 Rd8 47.
Rxd4 f4+ 48. Kd3 Rxd7 49. Rc4 b6 50. Ke2 g4 51. Kf2 Rg7 52. Kg2 g3 53. Rb4 f3+
54. Kg1 g2 0-1

[Event "DEM U12/U12w 2006"]
[Site "Willingen GER"]
[Date "2006.06.06"]
[Round "5"]
[White "Hampel, Felix"]
[Black "Ma, Beini"]
[Result "1-0"]
[Termination "normal"]
[Board "11"]
[WhiteElo "1549"]
[BlackElo "1960"]
[PlyCount "95"]
[WhiteFideId "24668125"]
[BlackFideId "24630101"]
[EventCountry "GER"]
[EventRounds "11"]
[EventType "swiss"]
[EventDate "2006.06.03"]

1. e4 c5 2. Nf3 d6 3. d4 cxd4 4. Nxd4 Nf6 5. Nc3 a6 6. Bc4 e6 7. Bb3 b5 8. O-O
Bb7 9. f4 Nxe4 10. Nxe4 Bxe4 11. Re1 d5 12. f5 e5 13. Nf3 Bc5+ 14. Kh1 Nc6 15.
Nxe5 Nxe5 16. Bxd5 Bxd5 17. Rxe5+ Be6 18. Qe1 Bd4 19. Re4 O-O 20. fxe6 fxe6 21.
c3 Bf2 22. Qe2 Qc7 23. Bd2 Rad8 24. Rxe6 Bc5 25. Be3 Bxe3 26. Qxe3 Qf7 27. Kg1
Qf5 28. Re4 Qd5 29. Rd4 Rde8 30. Rxd5 Rxe3 31. Rad1 Rfe8 32. R1d2 Kf7 33. Kf2
R8e6 34. Rd6 Re2+ 35. Rxe2 Rxd6 36. Ke3 Ke6 37. Rd2 Rc6 38. h3 h6 39. Rd4 Ke5
40. Rg4 g5 41. g3 Kf5 42. Re4 Rb6 43. b3 Rc6 44. c4 bxc4 45. bxc4 Rb6 46. c5
Rc6 47. Kd4 Rxc5 48. g4+ 1-0

[Event "DEM U12/U12w 2006"]
[Site "Willingen GER"]
[Date "2006.06.06"]
[Round "5"]
[White "Davydov, Ruven"]
[Black "Kaphle, Sebastian"]
[Result "0-1"]
[Termination "normal"]
[Board "12"]
[WhiteElo "1532"]
[BlackElo "2064"]
[PlyCount "52"]
[WhiteFideId "24666068"]
[BlackFideId "24626708"]
[EventCountry "GER"]
[EventRounds "11"]
[EventType "swiss"]
[EventDate "2006.06.03"]

1. d4 Nf6 2. c4 c5 3. d5 e6 4. Nc3 exd5 5. cxd5 d6 6. Nf3 g6 7. Nd2 a6 8. a4
Nbd7 9. Nc4 Nb6 10. e4 Nxc4 11. Bxc4 Bg7 12. Bg5 O-O 13. O-O Re8 14. Qc2 Qc7
15. Rfe1 Ng4 16. h3 Ne5 17. b3 Bxh3 18. gxh3 Nf3+ 19. Kg2 Nxg5 20. h4 Qd7 21.
hxg5 Qg4+ 22. Kf1 Qh3+ 23. Kg1 Qxc3 24. Rac1 Qh3 25. Re2 Be5 26. f3 Bd4+ 0-1

[Event "DEM U12/U12w 2006"]
[Site "Willingen GER"]
[Date "2006.06.06"]
[Round "5"]
[White "Lindner, Sebastian"]
[Black "Braun, Georg"]
[Result "1/2-1/2"]
[Termination "normal"]
[Board "13"]
[WhiteElo "1496"]
[BlackElo "1774"]
[PlyCount "61"]
[WhiteFideId "4670221"]
[BlackFideId "24629383"]
[EventCountry "GER"]
[EventRounds "11"]
[EventType "swiss"]
[EventDate "2006.06.03"]

1. d4 Nf6 2. c4 c5 3. Nf3 cxd4 4. Nxd4 b6 5. Nc3 Bb7 6. Bg5 e6 7. Ndb5 d6 8.
Bxf6 gxf6 9. e4 a6 10. Nd4 Nd7 11. Qa4 Bh6 12. Be2 Rg8 13. Rg1 Kf8 14. g3 Nc5
15. Qc2 Rc8 16. Bd3 Nxd3+ 17. Qxd3 Qc7 18. Nde2 Ke7 19. Rd1 Rgd8 20. b3 Rd7 21.
f4 Qc5 22. Qd4 Qxd4 23. Rxd4 Rcd8 24. Kf2 d5 25. exd5 exd5 26. cxd5 Bxd5 27.
Rgd1 Bb7 28. Rxd7+ Rxd7 29. Rxd7+ Kxd7 30. Ke3 Bf8 31. Ne4 1/2-1/2

[Event "DEM U12/U12w 2006"]
[Site "Willingen GER"]
[Date "2006.06.06"]
[Round "5"]
[White "Dauer, Maximilian"]
[Black "Wittke, Rene"]
[Result "0-1"]
[Termination "normal"]
[Board "14"]
[WhiteElo "1260"]
[BlackElo "1687"]
[PlyCount "104"]
[BlackFideId "24640255"]
[EventCountry "GER"]
[EventRounds "11"]
[EventType "swiss"]
[EventDate "2006.06.03"]

1. e4 e5 2. Nf3 Nf6 3. Nxe5 d6 4. Nf3 Nxe4 5. Qe2 Qe7 6. d3 Nf6 7. Bg5 Nbd7 8.
Qxe7+ Bxe7 9. d4 O-O 10. Bd3 h6 11. Bh4 Nb6 12. c4 Re8 13. O-O Bg4 14. Nbd2 Nh5
15. Bxe7 Rxe7 16. h3 Bxf3 17. Nxf3 Nf4 18. c5 Nxd3 19. cxb6 axb6 20. b3 Nb4 21.
a4 Kf8 22. Rac1 Nd5 23. Rfe1 Rae8 24. Rxe7 Rxe7 25. Kf1 Ke8 26. Re1 Rxe1+ 27.
Kxe1 Ke7 28. g3 Ke6 29. Kd2 Kf5 30. Kd3 g5 31. Kc4 Nf6 32. d5 h5 33. Nd2 Ne4
34. g4+ hxg4 35. hxg4+ Kf4 36. Nxe4 Kxe4 37. b4 Kf3 38. a5 Kxg4 39. axb6 cxb6
40. Kb5 Kf3 41. Kxb6 g4 42. Kxb7 Kxf2 43. Kc6 g3 44. b5 g2 45. b6 g1=Q 46. b7
Qb1 47. Kc7 Ke3 48. b8=Q Qxb8+ 49. Kxb8 Kd4 50. Kc7 Kc5 51. Kd7 f5 52. Ke6 f4
0-1

[Event "DEM U12/U12w 2006"]
[Site "Willingen GER"]
[Date "2006.06.06"]
[Round "5"]
[White "Schulz, Anja"]
[Black "Iwanziw, Niklas"]
[Result "1-0"]
[Termination "normal"]
[Board "15"]
[WhiteElo "1585"]
[BlackElo "1515"]
[PlyCount "103"]
[WhiteFideId "24647845"]
[BlackFideId "24647101"]
[EventCountry "GER"]
[EventRounds "11"]
[EventType "swiss"]
[EventDate "2006.06.03"]

1. e4 c5 2. Nf3 d6 3. d4 cxd4 4. Nxd4 Nf6 5. Nc3 a6 6. Be3 e5 7. Nb3 Be6 8. f3
Nbd7 9. Qd2 b5 10. g4 Nb6 11. g5 Nfd7 12. Nd5 Nc4 13. Bxc4 bxc4 14. Na5 Bxd5
15. Qxd5 c3 16. b3 Rc8 17. Nc4 h6 18. Nxd6+ Bxd6 19. Qxd6 hxg5 20. Rd1 Rh6 21.
Qd5 Rg6 22. Rg1 Rc7 23. h4 g4 24. Bg5 Rxg5 25. hxg5 Qxg5 26. Kf1 Qe3 27. Qd3
Qxf3+ 28. Qxf3 gxf3 29. Kf2 g6 30. Kxf3 Ke7 31. Rd3 Nf8 32. Rg3 Ne6 33. Kg4 Nd4
34. Rxc3 Rd7 35. Rc4 f5+ 36. exf5 gxf5+ 37. Kh3 Kf6 38. c3 Ne2 39. Rc6+ Kf7 40.
Rg5 f4 41. Rxe5 Rd3+ 42. Kg2 f3+ 43. Kf2 Nxc3 44. Rf5+ Ke7 45. Rxf3 Rxf3+ 46.
Kxf3 Nxa2 47. Rxa6 Nc3 48. Ke3 Kd7 49. Kd3 Nd5 50. Kc4 Ne3+ 51. Kc5 Nf5 52. b4
1-0

[Event "DEM U12/U12w 2006"]
[Site "Willingen GER"]
[Date "2006.06.06"]
[Round "5"]
[White "Rosenkranz, Christian"]
[Black "Risius, Philipp"]
[Result "1/2-1/2"]
[Termination "normal"]
[Board "16"]
[WhiteElo "1495"]
[BlackElo "1557"]
[PlyCount "60"]
[WhiteFideId "24674494"]
[BlackFideId "24630330"]
[EventCountry "GER"]
[EventRounds "11"]
[EventType "swiss"]
[EventDate "2006.06.03"]

1. e4 e5 2. Nf3 Nc6 3. Bc4 Bc5 4. O-O Nf6 5. d3 d6 6. c3 Bg4 7. Bg5 O-O 8. Nbd2
h6 9. Bh4 Qe7 10. Qe2 Rae8 11. Rad1 Be6 12. Rfe1 Bxc4 13. Nxc4 Qe6 14. Bxf6
Qxf6 15. Ne3 Bxe3 16. Qxe3 Qf4 17. Qxf4 exf4 18. Nd4 Nxd4 19. cxd4 Re7 20. e5
dxe5 21. dxe5 Rd8 22. d4 Kf8 23. Kf1 Ke8 24. Re4 g5 25. d5 Kd7 26. e6+ fxe6 27.
dxe6+ Ke8 28. Rxd8+ Kxd8 29. Ke2 Re8 30. Kf3 Ke7 1/2-1/2

[Event "DEM U12/U12w 2006"]
[Site "Willingen GER"]
[Date "2006.06.06"]
[Round "5"]
[White "Titgemeyer, Sven"]
[Black "Matschewsky, Justus"]
[Result "1-0"]
[Termination "normal"]
[Board "17"]
[WhiteElo "1557"]
[BlackElo "1449"]
[PlyCount "47"]
[WhiteFideId "24676934"]
[BlackFideId "24678708"]
[EventCountry "GER"]
[EventRounds "11"]
[EventType "swiss"]
[EventDate "2006.06.03"]

1. e4 e5 2. Nf3 Nc6 3. Bc4 Bc5 4. c3 Nf6 5. d4 exd4 6. e5 d5 7. Bb5 Ne4 8. cxd4
Bb6 9. Qc2 O-O 10. Bxc6 bxc6 11. Qxc6 Ba6 12. Nc3 Nxc3 13. Qxc3 Rc8 14. Be3 c5
15. dxc5 Re8 16. Qa3 Bb7 17. cxb6 d4 18. Rd1 Bxf3 19. gxf3 axb6 20. Rxd4 Qc7
21. Qd6 Qb7 22. Rg1 Re6 23. Qd8+ Re8 24. Qf6 1-0

[Event "DEM U12/U12w 2006"]
[Site "Willingen GER"]
[Date "2006.06.06"]
[Round "5"]
[White "Chernova, Margarita"]
[Black "Babayev, Ramil"]
[Result "0-1"]
[Termination "normal"]
[Board "18"]
[WhiteElo "1248"]
[BlackElo "1553"]
[PlyCount "69"]
[BlackFideId "24664243"]
[EventCountry "GER"]
[EventRounds "11"]
[EventType "swiss"]
[EventDate "2006.06.03"]

1. e4 c5 2. Nf3 e6 3. d4 cxd4 4. Nxd4 a6 5. c4 Nf6 6. Nc3 d6 7. Be2 Be7 8. Be3
Nbd7 9. O-O O-O 10. h3 Qc7 11. Rc1 Re8 12. f4 Nf8 13. f5 Bd7 14. Bd3 Bd8 15.
Qd2 Qb8 16. Kh1 Bc6 17. Nxc6 bxc6 18. Rg1 Bb6 19. Bxb6 Qxb6 20. g4 Qd4 21. g5
N6d7 22. Ne2 Qa7 23. Rcf1 Ne5 24. f6 Red8 25. h4 d5 26. exd5 cxd5 27. Bc2 dxc4
28. Qc3 Qb7+ 29. Kh2 Qc7 30. Rg3 g6 31. Rh1 Rd7 32. Kg2 Rad8 33. h5 Rd2 34. Re1
Qb7+ 35. Kh3 0-1

[Event "DEM U12/U12w 2006"]
[Site "Willingen GER"]
[Date "2006.06.06"]
[Round "5"]
[White "Maier, Florian"]
[Black "Rieping, Heiner"]
[Result "1-0"]
[Termination "normal"]
[Board "20"]
[WhiteElo "1404"]
[BlackElo "1591"]
[PlyCount "58"]
[BlackFideId "24647012"]
[EventCountry "GER"]
[EventRounds "11"]
[EventType "swiss"]
[EventDate "2006.06.03"]

1. d4 d5 2. e3 e6 3. c4 f5 4. f4 Nf6 5. Nf3 c6 6. Nbd2 Bd6 7. Bd3 O-O 8. O-O
Ne4 9. Ne5 Nd7 10. g4 g6 11. Bxe4 fxe4 12. g5 c5 13. cxd5 exd5 14. Nxd7 Bxd7
15. dxc5 Bxc5 16. Nb3 Bb5 17. Nxc5 Qd6 18. Nxe4 Qe6 19. Nf6+ Rxf6 20. gxf6 Bxf1
21. Kxf1 Rf8 22. Qf3 Rxf6 23. Bd2 g5 24. Bc3 Rf7 25. Kg1 gxf4 26. exf4 Qb6+ 27.
Kh1 d4 28. Bd2 Qxb2 29. Qg4+ Kh8 1-0

[Event "DEM U12/U12w 2006"]
[Site "Willingen GER"]
[Date "2006.06.06"]
[Round "5"]
[White "Kügel, Tobias"]
[Black "Mons, Leon"]
[Result "1/2-1/2"]
[Termination "normal"]
[Board "21"]
[WhiteElo "1408"]
[BlackElo "1588"]
[PlyCount "73"]
[WhiteFideId "4636295"]
[BlackFideId "4614950"]
[EventCountry "GER"]
[EventRounds "11"]
[EventType "swiss"]
[EventDate "2006.06.03"]

1. e4 e5 2. Nf3 Nc6 3. Bc4 Bc5 4. d3 d6 5. h3 Nf6 6. Be3 O-O 7. O-O h6 8. Nc3
a6 9. Nd5 Be6 10. Bxc5 dxc5 11. Nxf6+ Qxf6 12. Bxe6 Qxe6 13. Nd2 Nd4 14. Nb3
Qd6 15. Nxd4 cxd4 16. Qd2 Rad8 17. f4 f6 18. fxe5 fxe5 19. Rxf8+ Rxf8 20. Rf1
Rxf1+ 21. Kxf1 Qf6+ 22. Qf2 Kf7 23. Qxf6+ Kxf6 24. Kf2 c5 25. a4 b5 26. axb5
axb5 27. b3 h5 28. h4 Ke6 29. Ke2 Kd6 30. g4 g6 31. gxh5 gxh5 32. Kd2 Kc6 33.
c3 dxc3+ 34. Kxc3 Kb6 35. Kb2 Ka5 36. Ka3 Ka6 37. Kb2 1/2-1/2

[Event "DEM U12/U12w 2006"]
[Site "Willingen GER"]
[Date "2006.06.06"]
[Round "5"]
[White "Alber, Alexander"]
[Black "Lebek, Ricarda"]
[Result "1-0"]
[Termination "normal"]
[Board "22"]
[WhiteElo "1398"]
[BlackElo "1577"]
[PlyCount "133"]
[WhiteFideId "4640039"]
[BlackFideId "4624688"]
[EventCountry "GER"]
[EventRounds "11"]
[EventType "swiss"]
[EventDate "2006.06.03"]

1. Nf3 c5 2. c4 Nc6 3. g3 g6 4. Bg2 Bg7 5. O-O e5 6. Nc3 d6 7. e4 Nge7 8. d3
O-O 9. Be3 Rb8 10. Ne1 f5 11. f4 Be6 12. Nd5 a6 13. Nf3 h6 14. Qd2 Kh7 15. Kf2
b5 16. Nxe7 Nxe7 17. fxe5 dxe5 18. cxb5 fxe4 19. dxe4 Qxd2+ 20. Bxd2 axb5 21.
Kg1 Ra8 22. a3 Ra4 23. Rae1 Raa8 24. Bc3 Nc6 25. Rd1 Rad8 26. Rc1 Nd4 27. Bxd4
cxd4 28. Rfd1 Rc8 29. Kf2 Kg8 30. Ke1 Bb3 31. Rxc8 Rxc8 32. Rd2 Kf7 33. Bh3
Rc1+ 34. Ke2 Ke7 35. Nh4 Kf7 36. Bd7 Bc4+ 37. Kf2 Rf1+ 38. Kg2 Re1 39. Bc6 Bf8
40. Rf2+ Kg7 41. Nxg6 Kxg6 42. Rxf8 Bd3 43. Rg8+ Kf7 44. Bd5+ Ke7 45. Rg7+ Kf8
46. Rg8+ Ke7 47. Rg4 Re2+ 48. Kh3 Rxb2 49. Rg6 Bf1+ 50. Kg4 Be2+ 51. Kf5 d3 52.
Kxe5 Rc2 53. Rg7+ Kd8 54. Kd6 Bh5 55. Rg8+ Be8 56. Bf7 Rc6+ 57. Kd5 Ke7 58.
Bxe8 Rd6+ 59. Ke5 Rd8 60. Bf7 Rd7 61. Bb3 d2 62. Rg7+ Kd8 63. Rxd7+ Kxd7 64.
Bd1 Kc6 65. Kd4 Kd6 66. e5+ Ke6 67. h3 1-0

[Event "DEM U12/U12w 2006"]
[Site "Willingen GER"]
[Date "2006.06.06"]
[Round "5"]
[White "Quaschner, Manuel"]
[Black "Kreiter, Thomas"]
[Result "0-1"]
[Termination "normal"]
[Board "23"]
[WhiteElo "1394"]
[BlackElo "1561"]
[PlyCount "48"]
[WhiteFideId "24690139"]
[BlackFideId "24645591"]
[EventCountry "GER"]
[EventRounds "11"]
[EventType "swiss"]
[EventDate "2006.06.03"]

1. e4 c5 2. Nf3 d6 3. d4 cxd4 4. Nxd4 Nf6 5. Nc3 a6 6. Bd3 e5 7. Nde2 Nc6 8. h3
Be7 9. O-O O-O 10. a3 d5 11. exd5 Nd4 12. Bc4 Qc7 13. Ba2 Nxe2+ 14. Qxe2 Bf5
15. Bb3 Bd6 16. Kh1 Rfe8 17. Qf3 Bg6 18. Be3 e4 19. Qe2 Qc8 20. Qc4 Qf5 21. Qd4
Bh5 22. Rae1 Bf3 23. Kg1 Qg6 24. g3 Bxg3 0-1

[Event "DEM U12/U12w 2006"]
[Site "Willingen GER"]
[Date "2006.06.06"]
[Round "5"]
[White "Bading, Kenneth"]
[Black "Orhan, Eda"]
[Result "1-0"]
[Termination "normal"]
[Board "24"]
[WhiteElo "1553"]
[BlackElo "1391"]
[PlyCount "101"]
[BlackFideId "24659258"]
[EventCountry "GER"]
[EventRounds "11"]
[EventType "swiss"]
[EventDate "2006.06.03"]

1. e4 d5 2. exd5 Qxd5 3. Nc3 Qa5 4. d4 Bf5 5. Nf3 e6 6. Bc4 c6 7. Bd2 Qc7 8.
O-O Nf6 9. Ne2 Bd6 10. Ng3 Bg6 11. c3 Nbd7 12. Be3 h5 13. Re1 h4 14. Nf1 O-O-O
15. b4 Ne4 16. Qc1 h3 17. g3 Bh5 18. N3d2 Ndf6 19. a4 Rdg8 20. Nxe4 Nxe4 21.
Bd3 f5 22. Nd2 Nxg3 23. hxg3 Bxg3 24. Be2 Bxe2 25. Rxe2 Bh2+ 26. Kh1 f4 27. Nf3
fxe3 28. Nxh2 exf2 29. Rxf2 Qg3 30. Qe1 Qg6 31. Qe5 Rf8 32. Raf1 Rxf2 33. Rxf2
Rh5 34. Qe1 Rg5 35. Nf3 Rg2 36. Nh4 Qg3 37. Qxe6+ Kc7 38. Rf7+ Kb6 39. a5+ Kb5
40. Rxb7+ Ka4 41. Qxc6+ Ka3 42. Nxg2 hxg2+ 43. Qxg2 Qxc3 44. Rxg7 Qc1+ 45. Kh2
Qh6+ 46. Qh3+ Qxh3+ 47. Kxh3 Kxb4 48. Rxa7 Kb5 49. d5 Kc5 50. a6 Kxd5 51. Rh7
1-0

[Event "DEM U12/U12w 2006"]
[Site "Willingen GER"]
[Date "2006.06.06"]
[Round "5"]
[White "Schindlbeck, Tobias"]
[Black "Barzen, Pascal"]
[Result "1/2-1/2"]
[Termination "normal"]
[Board "25"]
[WhiteElo "1551"]
[BlackElo "1390"]
[PlyCount "93"]
[WhiteFideId "24615510"]
[BlackFideId "24653497"]
[EventCountry "GER"]
[EventRounds "11"]
[EventType "swiss"]
[EventDate "2006.06.03"]

1. e4 c5 2. Nf3 d6 3. d4 cxd4 4. Nxd4 Nf6 5. Nc3 a6 6. Be3 Nc6 7. Bc4 e6 8. O-O
Be7 9. Qd2 Ng4 10. Rad1 Nxe3 11. Qxe3 O-O 12. Kh1 Ne5 13. Bb3 Ng4 14. Qe2 e5
15. Nf3 Qa5 16. Nd5 Bd8 17. h3 Nh6 18. Ne3 Qc7 19. Rd2 Kh8 20. Rfd1 f5 21. exf5
Nxf5 22. Nxf5 Bxf5 23. Rxd6 e4 24. Ne5 Be7 25. R6d5 Be6 26. Qxe4 Bxd5 27. Qxd5
g6 28. Qe4 Bf6 29. Nd3 Rae8 30. Qb4 Qe7 31. Qa4 Qe4 32. Qxe4 Rxe4 33. c3 Rd8
34. Kh2 Be5+ 35. Nxe5 Rxd1 36. Nxg6+ hxg6 37. Bxd1 b5 38. Kg3 Re1 39. Bf3 Rb1
40. b3 Ra1 41. Bd5 Rxa2 42. c4 bxc4 43. Bxc4 a5 44. f4 Kg7 45. Kf3 Rc2 46. Bd5
Rd2 47. Bc4 1/2-1/2

[Event "DEM U12/U12w 2006"]
[Site "Willingen GER"]
[Date "2006.06.06"]
[Round "5"]
[White "Gruber, Roland"]
[Black "Gisy, Roberto"]
[Result "0-1"]
[Termination "normal"]
[Board "26"]
[WhiteElo "1368"]
[BlackElo "1540"]
[PlyCount "82"]
[WhiteFideId "1270975"]
[EventCountry "GER"]
[EventRounds "11"]
[EventType "swiss"]
[EventDate "2006.06.03"]

1. e4 e5 2. Nf3 Nc6 3. Bc4 Nf6 4. Ng5 d5 5. exd5 Nd4 6. c3 b5 7. cxd4 bxc4 8.
dxe5 Qxd5 9. Nf3 Nd7 10. Nc3 Qe6 11. Nb5 Qb6 12. Nc3 Nc5 13. O-O Bd7 14. Qe2
Be6 15. Nd4 a6 16. Nxe6 Qxe6 17. f4 Nd3 18. Qf3 Bc5+ 19. Kh1 O-O 20. Ne4 Bd4
21. Rb1 Rab8 22. Nc3 Qb6 23. h3 Qa5 24. a3 Kh8 25. Qe2 Qb6 26. g3 Qg6 27. Ne4
Nf2+ 28. Nxf2 Qxb1 29. Qxc4 Bxb2 30. Bxb2 Qxb2 31. d4 Qb3 32. Qxc7 Qf3+ 33. Kg1
Qxg3+ 34. Kh1 Rb2 35. Qe7 Kg8 36. d5 Rxf2 37. Rxf2 Qxf2 38. Qg5 Rb8 39. Qg1
Qf3+ 40. Qg2 Rb1+ 41. Kh2 Qxf4+ 0-1

[Event "DEM U12/U12w 2006"]
[Site "Willingen GER"]
[Date "2006.06.06"]
[Round "5"]
[White "Gerntke, Oliver"]
[Black "Schmitz, Stefan"]
[Result "1-0"]
[Termination "normal"]
[Board "27"]
[WhiteElo "1352"]
[BlackElo "1526"]
[PlyCount "101"]
[WhiteFideId "24647977"]
[BlackFideId "4625730"]
[EventCountry "GER"]
[EventRounds "11"]
[EventType "swiss"]
[EventDate "2006.06.03"]

1. d4 d5 2. c4 dxc4 3. e4 e5 4. d5 Nf6 5. Nc3 c6 6. dxc6 Qxd1+ 7. Kxd1 Nxc6 8.
Bxc4 Bb4 9. Nge2 O-O 10. Be3 Ng4 11. Nd5 Rd8 12. Kc2 Nxe3+ 13. Nxe3 Bd7 14. a3
Ba5 15. Nd5 Rac8 16. b4 Nxb4+ 17. axb4 Rxc4+ 18. Kb3 Rxe4 19. Nec3 Bxb4 20.
Nxb4 Be6+ 21. Ka3 Rc8 22. Nxe4 a5 23. Na2 b5 24. Rac1 Rb8 25. Nc5 Bf5 26. Rhd1
h6 27. Nd7 Re8 28. Rd5 b4+ 29. Nxb4 axb4+ 30. Kxb4 f6 31. f3 Bg6 32. Rdc5 Re7
33. Rc7 e4 34. Nxf6+ Kf8 35. Rxe7 Kxe7 36. Nxe4 Kf8 37. Rc8+ Kf7 38. Kc5 Bf5
39. Nd6+ Kf6 40. Rf8+ Ke7 41. Rxf5 g6 42. Rf7+ Ke6 43. Rh7 Kf6 44. Ne8+ Ke6 45.
Rxh6 Kf7 46. Nd6+ Kg7 47. Rh4 Kf6 48. Kd5 Kg7 49. Ke6 Kg8 50. Kf6 Kf8 51. Rh8#
1-0